Applied Analysis of the Navier-Stokes Equations . (Record no. 8314)
[ view plain ]
| 000 -LEADER | |
|---|---|
| fixed length control field | 00573nam a22001937a 4500 |
| 003 - CONTROL NUMBER IDENTIFIER | |
| control field | OSt |
| 005 - DATE AND TIME OF LATEST TRANSACTION | |
| control field | 20240430154804.0 |
| 008 - FIXED-LENGTH DATA ELEMENTS--GENERAL INFORMATION | |
| fixed length control field | 240430b |||||||| |||| 00| 0 eng d |
| 020 ## - INTERNATIONAL STANDARD BOOK NUMBER | |
| International Standard Book Number | 052144568-x |
| 040 ## - CATALOGING SOURCE | |
| Transcribing agency | DDC |
| 082 ## - DEWEY DECIMAL CLASSIFICATION NUMBER | |
| Classification number | 530.05 DOE 1995 |
| 100 ## - MAIN ENTRY--PERSONAL NAME | |
| Relator code | Gibbon J.D,Doering R.Charles R. |
| 245 ## - TITLE STATEMENT | |
| Title | Applied Analysis of the Navier-Stokes Equations . |
| 260 ## - PUBLICATION, DISTRIBUTION, ETC. (IMPRINT) | |
| Place of publication, distribution, etc. | New York |
| Name of publisher, distributor, etc. | University of Cambridge |
| Date of publication, distribution, etc. | 1995 |
| 300 ## - PHYSICAL DESCRIPTION | |
| Extent | xiii;217p |
| Other physical details | Ill, |
| Dimensions | 22.6cm |
| 504 ## - BIBLIOGRAPHY, ETC. NOTE | |
| Bibliography, etc | Includes Bibliographical Appendix ,References and Index |
| 650 ## - SUBJECT ADDED ENTRY--TOPICAL TERM | |
| Topical term or geographic name as entry element | Mathematics |
| 942 ## - ADDED ENTRY ELEMENTS (KOHA) | |
| Source of classification or shelving scheme | Dewey Decimal Classification |
| Koha item type | Open Shelf |
| Withdrawn status | Lost status | Source of classification or shelving scheme | Damaged status | Not for loan | Home library | Current library | Source of acquisition | Inventory number | Total Checkouts | Full call number | Barcode | Date last seen | Koha item type | Date acquired | Price effective from |
|---|---|---|---|---|---|---|---|---|---|---|---|---|---|---|---|
| Dewey Decimal Classification | MUST Main Library | MUST Main Library | Donation | 97/10884 | 530.05 DOE 1995 | 2024-0174 | 30/04/2024 | Open Shelf | |||||||
| Dewey Decimal Classification | MUST Main Library | MUST Main Library | Purchase | 2007/29206 | 530.05 DOE 1995 | 2024-20972 | 21/06/2024 | Open Shelf | 21/06/2024 | 21/06/2024 |
